000234619 001__ 234619
000234619 005__ 20221001000457.0
000234619 0247_ $$2EXP:(Ds200)$$aEXP:(DE-Ds200)UMat_X0-20200803
000234619 035__ $$aEXP:(DE-Ds200)UMat_X0-20200803
000234619 150__ $$a UMat: Material Science Proposals at the UNILAC (POF3-6214; X0) 
000234619 371__ $$aTrautmann
000234619 450__ $$0EXP:(DE-Ds200)X0-20200803$$aX0$$wt
000234619 450__ $$aUMat-X0$$wd
000234619 750_7 $$0V:(DE-HGF)12$$2V:(DE-HGF)$$aExperiment
000234619 751_7 $$2DE-HGF$$aIGN_4_I:(DE-H253)HAS-User-20120731 [DESY]
000234619 751_7 $$2DE-HGF$$aIGN_4_DESY [DESY]
000234619 751_7 $$2DE-HGF$$aIGN_4_DKFZ [DKFZ]
000234619 751_7 $$2DE-HGF$$aIGN_4_IMPULSE
000234619 751_7 $$2DE-HGF$$aIGN_4_DZNE [DZNE]
000234619 909CO $$ooai:repository.gsi.de:234619$$pauthority:Experiment$$pauthority
000234619 980__ $$aEXPERIMENT
000234619 980__ $$aAUTHORITY